Normal view MARC view
  • Romero Delgado, Marta

Entry Nombre Personal

Number of records used in: 1

001 - NUMERO DE CONTROL

  • campo de control: 60192

003 - IDENTIFICADOR DE NUMERO DE CONTROL

  • campo de control: UPN

005 - FECHA Y HORA DE LA ÜLTIMA TRANSACCIÓN

  • campo de control: 20260702125836.0

008 - DATOS DE LONGITUD FIJA

  • campo de control de longitud fija: 260702|| ac|||aabn | a|a d

024 ## - OTROS IDENTIFICADORES NORMALIZADOS

  • Fuente: orcid
  • Número normalizado o código: https://orcid.org/0000-0002-3825-5258

040 ## - FUENTE DE CATALOGACIÓN

  • Agencia original de catalogación: MX-MxUPN

100 1# - ENCABEZAMIENTO - NOMBRE PERSONAL

  • Nombre personal: Romero Delgado, Marta

370 ## - LUGAR ASOCIADO

  • Place of birth: España

371 ## - DIRECCIÓN

  • Electronic mail address: martaromerodelgado@ucm.es

373 ## - GRUPO ASOCIADO

  • Associated group: Universidad Complutense de Madrid

374 ## - OCUPACIÓN

  • Occupation: Docencia e investigación universitarias

670 ## - FUENTE EN LA QUE SE LOCALIZARON DATOS

  • Cita de la fuente: En recurso en línea: REIS, No. 193 (2025)
  • Información localizada: (Marta Romero Delgado)
  • Uniform Resource Identifier: https://reis.cis.es/index.php/reis/article/view/2478/3057

902 ## - CATALOGADOR

  • Catalogador: Leonor Sotres/020726